00490nam a2200181Ia 450000500170000000800410001702000150005808200130007310000140008624500870010025000060018726000280019330000280022165000110024965000120026065000150027265000210028720241218005848.0240331s9999 xx 000 0 und d a8185229457 bSANa824 aSangari,K 0aPolitics of the possible :bessays on gender, history, narratives colonial English a  aNew DelhibTulikac1999 axlix, 503 p ., copy ii  aGender aHistory aNarratives aColonial English